000 00702nam a22002057a 4500
005 20140217155102.0
010 _aENG-108611
020 _a9789350096369
_c650.00
035 _aEN-92144
037 _bDBAD/PUB
082 _a363.325095491
100 _aBrown,Vahid
245 _aFountainhead of Jihad :
_cby Vahid Brown [and] Don Rassler
_bthe Haqqani nexus, 1973-2012 /
260 _aGurgaon
_bHachette Book Publishing
_c2013
270 _a4th/5th Floors, Corporate Centre, Sector 44
_bGurgaon
_e122003
300 _ax,320p. :
_c22cm(Hb)
_bcol. photos
500 _aInclues bibliographical references and index
700 _aRassler, Don
942 _2ddc
_cEN
_mBRO
_h363.325095491
999 _c80283
_d80283